000 00633nam a2200229Ia 4500
001 26980
005 20240114000946.0
007 ta
008 060518s2000 g b000 u u
040 _aCotton College,Assam
082 _a140
_bGa 15 Ga
100 _aGanguli, B.N. .
245 0 _aGandhi`s Social Philosophy: Perspective and Relevnce /
_cB.N.Ganguli.
_hTextual Documents
250 _a2nd ed. /
260 _aNew Delhi :
_bNational Gandhi Museum ,
_c2000.
300 _a453p. ;
_c22cm.
653 _aPhilosophy
653 _aG-Philosophy
942 _2ddc
_cBK
999 _c26962
_d26962